[Event "XVI Festival A"]
[Site "Porto San Giorgio ITA"]
[Date "2004.08.21"]
[Round "1"]
[White "Grasso, Nino"]
[Black "Collutiis, Duilio"]
[Result "0-1"]
[WhiteElo "1989"]
[BlackElo "2387"]
[PlyCount "100"]
[EventDate "2004.08.21"]

1. e4 c5 2. c3 Nf6 3. e5 Nd5 4. d4 cxd4 5. Bc4 Qc7 6. Qe2 Nb6 7. Bb3 d3 8. Qxd3
Qxe5+ 9. Ne2 d5 10. Bf4 Qf5 11. Qxf5 Bxf5 12. Nd4 Bd7 13. a4 f6 14. Nb5 Na6 15.
Be3 e6 16. Nd2 Kf7 17. O-O Nc5 18. Bxc5 Bxc5 19. Rfe1 a6 20. Nd4 Rac8 21. a5
Na8 22. N2f3 Nc7 23. Rad1 e5 24. Nc2 Be6 25. Ba2 Rhd8 26. b4 Ba7 27. Na3 Rd7
28. Rb1 Nb5 29. Nxb5 axb5 30. Rbc1 Rdc7 31. Rcd1 Rxc3 32. Bxd5 Rc2 33. Bxe6+
Kxe6 34. Nd4+ Bxd4 35. Rxd4 R8c4 36. Rxc4 bxc4 37. b5 Ra2 38. a6 bxa6 39. bxa6
Rxa6 40. g3 c3 41. Rc1 Rc6 42. Kf1 Kd5 43. Ke2 Kc4 44. Kd1 Rd6+ 45. Ke1 Ra6 46.
Kd1 Ra2 47. Ke1 e4 48. h4 f5 49. Rd1 c2 50. Rc1 Kd3 0-1

[Event "XVI Festival A"]
[Site "Porto San Giorgio ITA"]
[Date "2004.08.21"]
[Round "1"]
[White "Horvath, Peter"]
[Black "Giacometti, Carlo"]
[Result "1-0"]
[WhiteElo "2503"]
[BlackElo "2047"]
[PlyCount "52"]
[EventDate "2004.08.21"]

1. d4 d5 2. c4 e6 3. Nc3 c5 4. cxd5 cxd4 5. Qxd4 Nc6 6. Qd1 exd5 7. Qxd5 Bd7 8.
e3 Nf6 9. Qd1 Qb6 10. Be2 Bb4 11. Nf3 O-O 12. O-O Rfd8 13. a3 Bxc3 14. bxc3
Rac8 15. Qc2 Qa5 16. c4 Bf5 17. Qb3 Ne4 18. Bb2 Bg4 19. Rfd1 Qc7 20. Qc2 Bxf3
21. Bxf3 Ng5 22. Bd5 Rd6 23. h4 Ne6 24. Qf5 Qd8 25. Qg4 Qf8 26. a4 g6 1-0

[Event "XVI Festival A"]
[Site "Porto San Giorgio ITA"]
[Date "2004.08.21"]
[Round "1"]
[White "Kohlweyer, Bernd"]
[Black "Di Martino, Antonio"]
[Result "1/2-1/2"]
[WhiteElo "2411"]
[BlackElo "2003"]
[PlyCount "43"]
[EventDate "2004.08.21"]

1. e4 e6 2. d4 d5 3. Nc3 dxe4 4. Nxe4 Nd7 5. Nf3 Be7 6. c3 Ngf6 7. Nxf6+ Nxf6
8. Be3 O-O 9. Bd3 b6 10. O-O Bb7 11. Qe2 Qc8 12. Rad1 c5 13. Rfe1 Qc7 14. h3
Rfd8 15. dxc5 Bxc5 16. Bxc5 Qxc5 17. Ba6 Be4 18. Rd4 Rxd4 19. Nxd4 Rd8 20. Qe3
Ba8 21. Bf1 h6 22. a3 1/2-1/2

[Event "XVI Festival A"]
[Site "Porto San Giorgio ITA"]
[Date "2004.08.21"]
[Round "1"]
[White "Lalic, Bogdan"]
[Black "Cedriano, Filippo"]
[Result "1-0"]
[WhiteElo "2527"]
[BlackElo "2072"]
[PlyCount "47"]
[EventDate "2004.08.21"]

1. c4 Nf6 2. Nc3 g6 3. e4 d6 4. d4 Bg7 5. f3 O-O 6. Nge2 e5 7. Bg5 h6 8. Be3
Nc6 9. d5 Ne7 10. Qd2 Kh7 11. O-O-O Ne8 12. g4 f5 13. gxf5 gxf5 14. Rg1 f4 15.
Bf2 Ng6 16. Kb1 Nh4 17. Qd3 Bf6 18. Nxf4 exf4 19. e5+ Bf5 20. exf6 Bxd3+ 21.
Bxd3+ Kh8 22. Bxh4 Rf7 23. Rg6 Kh7 24. Rdg1 1-0

[Event "XVI Festival A"]
[Site "Porto San Giorgio ITA"]
[Date "2004.08.21"]
[Round "1"]
[White "Lazic, Miroljub"]
[Black "Mancini, Giustino"]
[Result "1-0"]
[WhiteElo "2471"]
[BlackElo "2033"]
[PlyCount "43"]
[EventDate "2004.08.21"]

1. e4 d5 2. exd5 Nf6 3. d4 Nxd5 4. c4 Nf6 5. Nf3 e6 6. Nc3 Nbd7 7. Bg5 Be7 8.
Qc2 c6 9. Bd3 h6 10. Bf4 b6 11. O-O-O Bb7 12. Rhg1 g5 13. Bg3 Rc8 14. Ne5 Nxe5
15. Bxe5 Bd6 16. Ne4 Bxe5 17. dxe5 Nxe4 18. Bxe4 Qe7 19. Rd6 f5 20. Bd3 c5 21.
Qa4+ Kf8 22. Qxa7 1-0

[Event "XVI Festival A"]
[Site "Porto San Giorgio ITA"]
[Date "2004.08.21"]
[Round "1"]
[White "Marigo, Narciso"]
[Black "Bontempi, Piero"]
[Result "0-1"]
[WhiteElo "1943"]
[BlackElo "2325"]
[PlyCount "116"]
[EventDate "2004.08.21"]

1. d4 d5 2. Nf3 Bf5 3. Bf4 e6 4. e3 Nd7 5. Bd3 Ngf6 6. h3 Be7 7. Bxf5 exf5 8.
c3 c6 9. Nbd2 O-O 10. O-O Re8 11. a4 Nf8 12. Ne5 Ne4 13. Ndf3 f6 14. Nd3 g5 15.
Bh2 Ng6 16. Nd2 Qc8 17. Rc1 Qe6 18. Re1 Kh8 19. Nf1 Bf8 20. Qb3 b6 21. c4 g4
22. cxd5 cxd5 23. hxg4 fxg4 24. Rc7 h5 25. Rec1 h4 26. Nf4 Nxf4 27. Bxf4 Qf5
28. Qc2 Qh5 29. Qe2 Bb4 30. Qb5 a5 31. Qd7 Rg8 32. Rb7 Rad8 33. Qe6 Bd6 34.
Bxd6 Rxd6 35. Qe7 Qf5 36. Rc2 Rc6 37. Qh7+ Qxh7 38. Rxh7+ Kxh7 39. Rxc6 Kg6 40.
f3 gxf3 41. gxf3 Kf7+ 42. Kh2 Ng5 43. Nd2 Re8 44. Rc3 Kg6 45. f4 Ne4 46. Nxe4
Rxe4 47. Kh3 Kh5 48. Rb3 Re6 49. Rc3 f5 50. Rb3 Re8 51. Rc3 Rg8 52. Rb3 Rg6 53.
Rc3 Rg3+ 54. Kh2 Kg4 55. Rb3 Kf3 56. Rxb6 Kxe3 57. Rb5 Kxd4 58. Rxa5 Rb3 0-1

[Event "XVI Festival A"]
[Site "Porto San Giorgio ITA"]
[Date "2004.08.21"]
[Round "1"]
[White "Mircoli, Filippo"]
[Black "Hoelzl, Franz"]
[Result "0-1"]
[WhiteElo "1977"]
[BlackElo "2373"]
[PlyCount "46"]
[EventDate "2004.08.21"]

1. e4 c5 2. Nf3 d6 3. d4 cxd4 4. Nxd4 Nf6 5. Nc3 a6 6. Bg5 Nbd7 7. Be2 Qb6 8.
O-O e6 9. Nb3 Qc7 10. Kh1 b5 11. Bf3 Bb7 12. Qd2 Be7 13. a3 Ne5 14. Bxf6 Nc4
15. Nxb5 axb5 16. Qb4 Bxf6 17. Qxb5+ Qc6 18. Qh5 Ne5 19. Nd4 Qc4 20. c3 Nxf3
21. b3 Qc5 22. Qxf3 O-O 23. Rad1 Rxa3 0-1

[Event "XVI Festival A"]
[Site "Porto San Giorgio ITA"]
[Date "2004.08.21"]
[Round "1"]
[White "Natoli, Domenico"]
[Black "Ortega, Lexy"]
[Result "0-1"]
[WhiteElo "2004"]
[BlackElo "2430"]
[PlyCount "80"]
[EventDate "2004.08.21"]

1. d4 d5 2. c4 c6 3. Nf3 dxc4 4. a4 e6 5. e3 b5 6. axb5 cxb5 7. Nc3 Bb4 8. Bd2
Bxc3 9. Bxc3 a5 10. b3 Bb7 11. bxc4 b4 12. Bb2 Nf6 13. Bd3 Nbd7 14. O-O O-O 15.
Bc2 Qc7 16. c5 Rfd8 17. Ba4 Bd5 18. Qe2 h6 19. Rfc1 Bc6 20. Nd2 Ra7 21. Nc4 Nb8
22. Nd6 Qd7 23. Qc2 Ne8 24. Nc4 Bxa4 25. Qxa4 Nc6 26. Qd1 Nc7 27. Nd6 Rb8 28.
Qg4 f5 29. Qg3 a4 30. Rd1 a3 31. Bc1 Nd5 32. e4 fxe4 33. Nxe4 Kh8 34. Rd3 Nde7
35. Nd2 Nf5 36. Qh3 Nfxd4 37. Nb3 e5 38. Bd2 Qxh3 39. Rxh3 Nxb3 40. Rxb3 Nd4
0-1

[Event "XVI Festival A"]
[Site "Porto San Giorgio ITA"]
[Date "2004.08.21"]
[Round "1"]
[White "Naumkin, Igor"]
[Black "Bondielli, Giorgio"]
[Result "1-0"]
[WhiteElo "2457"]
[BlackElo "2020"]
[PlyCount "86"]
[EventDate "2004.08.21"]

1. d4 f5 2. Nf3 d6 3. g3 g6 4. Bg2 Bg7 5. O-O Nf6 6. c4 O-O 7. Nc3 c6 8. d5 e5
9. dxe6 Bxe6 10. b3 Na6 11. Bb2 Qe7 12. Qd2 Rad8 13. Nd4 Bc8 14. Rad1 Nc5 15.
Qc1 Nfe4 16. Nxe4 Nxe4 17. e3 Qf7 18. Ne2 Rfe8 19. Bxg7 Qxg7 20. Rd4 d5 21.
cxd5 Rxd5 22. Rxd5 cxd5 23. Rd1 Be6 24. Nf4 Qe5 25. Qa3 a6 26. Qb4 b5 27. h4
Bf7 28. Bxe4 dxe4 29. Qa3 Ra8 30. Qc1 a5 31. Qc6 Rb8 32. Qa6 Qc7 33. Qf6 Re8
34. Kg2 a4 35. bxa4 bxa4 36. a3 Qe7 37. Qc3 Rd8 38. Rc1 Bb3 39. Qa5 Qd6 40. Rc7
Rf8 41. Qa7 Bf7 42. Rd7 Qc6 43. Nd5 Qa8 1-0

[Event "XVI Festival A"]
[Site "Porto San Giorgio ITA"]
[Date "2004.08.21"]
[Round "1"]
[White "Nijboer, Friso"]
[Black "Melotti, Dario"]
[Result "1-0"]
[WhiteElo "2568"]
[BlackElo "2082"]
[PlyCount "45"]
[EventDate "2004.08.21"]

1. e4 c5 2. Nf3 d6 3. d4 cxd4 4. Nxd4 Nf6 5. Nc3 a6 6. Be3 e5 7. Nb3 Be6 8. f3
d5 9. exd5 Nxd5 10. Nxd5 Bxd5 11. c4 Bb4+ 12. Kf2 Bc6 13. Qxd8+ Kxd8 14. c5 Ba4
15. Bc4 Nd7 16. Rhd1 Rc8 17. Rac1 Ke7 18. Rd5 Bc6 19. Rxd7+ Bxd7 20. a3 Be6 21.
Bxe6 Kxe6 22. axb4 f5 23. Na5 1-0

[Event "XVI Festival A"]
[Site "Porto San Giorgio ITA"]
[Date "2004.08.21"]
[Round "1"]
[White "Paci, Stefano"]
[Black "Laketic, Gojko"]
[Result "0-1"]
[WhiteElo "2003"]
[BlackElo "2403"]
[PlyCount "58"]
[EventDate "2004.08.21"]

1. d4 d5 2. Nf3 c5 3. e3 Nc6 4. c3 Qb6 5. Bd3 Nf6 6. Nbd2 Bg4 7. h3 Bh5 8. Qa4
Bg6 9. Bxg6 hxg6 10. Ne5 e6 11. O-O Bd6 12. f4 O-O 13. Ndf3 Bxe5 14. fxe5 Ne4
15. Qb3 Qa6 16. Nd2 Na5 17. Qd1 Nxd2 18. Qxd2 cxd4 19. Rb1 dxc3 20. Qxc3 Rac8
21. Qa3 Rc2 22. Re1 f6 23. Qa4 Qd3 24. Qxa5 fxe5 25. b3 Qf5 26. Kh1 Rxg2 27.
Kxg2 Qf2+ 28. Kh1 Rf3 29. Qd8+ Kh7 0-1

[Event "XVI Festival A"]
[Site "Porto San Giorgio ITA"]
[Date "2004.08.21"]
[Round "1"]
[White "Pulimeno, Roberto"]
[Black "Rigo, Janos"]
[Result "0-1"]
[WhiteElo "1916"]
[BlackElo "2314"]
[PlyCount "62"]
[EventDate "2004.08.21"]

1. e4 c5 2. Nf3 Nc6 3. d3 g6 4. g3 Bg7 5. Bg2 Nf6 6. Nc3 O-O 7. O-O d6 8. Ne2
Bd7 9. Bd2 b5 10. c3 c4 11. Ne1 Rb8 12. d4 a5 13. f4 e6 14. e5 dxe5 15. fxe5
Nd5 16. Nf4 Nce7 17. Nc2 Bc6 18. Nxd5 Bxd5 19. Ne3 Bxg2 20. Kxg2 Nd5 21. Ng4
Rb7 22. Qf3 b4 23. Nf6+ Kh8 24. Bg5 h6 25. h4 bxc3 26. b3 cxb3 27. Nh7 hxg5 28.
Nxf8 Bxf8 29. axb3 g4 30. Qd3 Bh6 31. Rf2 Kg8 0-1

[Event "XVI Festival A"]
[Site "Porto San Giorgio ITA"]
[Date "2004.08.21"]
[Round "1"]
[White "Ragnoni, Alessandro"]
[Black "Burmakin, Vladimir"]
[Result "0-1"]
[WhiteElo "2075"]
[BlackElo "2551"]
[PlyCount "60"]
[EventDate "2004.08.21"]

1. e4 c6 2. d4 d5 3. Nc3 g6 4. Be3 dxe4 5. Nxe4 Nh6 6. Bc4 Bg7 7. c3 Nf5 8. Nf3
O-O 9. O-O Nd7 10. Bf4 Nb6 11. Bd3 Nd5 12. Bg3 Nxg3 13. Nxg3 Qc7 14. Re1 b6 15.
Bc4 Bb7 16. Bxd5 cxd5 17. Qc2 e6 18. Ne5 Rae8 19. Nd3 f6 20. Qd2 e5 21. Nb4 e4
22. Nf1 a5 23. Nc2 f5 24. f4 g5 25. fxg5 f4 26. Qf2 Ba6 27. Rad1 e3 28. Qf3 e2
29. Qxd5+ Qf7 30. Qxf7+ Kxf7 0-1

[Event "XVI Festival A"]
[Site "Porto San Giorgio ITA"]
[Date "2004.08.21"]
[Round "1"]
[White "Roeder, Matthias"]
[Black "Di Donatantonio, Franco"]
[Result "1-0"]
[WhiteElo "2431"]
[BlackElo "2012"]
[PlyCount "96"]
[EventDate "2004.08.21"]

1. d4 c5 2. d5 d6 3. e4 Nf6 4. Nc3 g6 5. Bb5+ Nbd7 6. a4 Bg7 7. f4 O-O 8. Nf3
Ne8 9. O-O Nc7 10. Bd3 Rb8 11. Qe2 f6 12. Nb5 a6 13. Na7 Ra8 14. Nxc8 Rxc8 15.
a5 Qe8 16. Bd2 Kh8 17. c4 b6 18. axb6 Nxb6 19. b3 Rb8 20. Ra3 Qd7 21. f5 g5 22.
Be3 Qe8 23. e5 g4 24. Nd2 fxe5 25. Qxg4 Bf6 26. Qh3 Rg8 27. Ne4 Qf7 28. g4
Nbxd5 29. cxd5 Qxd5 30. Nxf6 exf6 31. Bc4 Qe4 32. Bxg8 Rxg8 33. g5 Nd5 34. Bc1
fxg5 35. Ra4 Qc2 36. Rc4 Qa2 37. Qg2 Qxg2+ 38. Kxg2 Nf4+ 39. Bxf4 gxf4+ 40. Kf3
Rb8 41. Rc3 Kg7 42. Rd1 Kf6 43. Rxd6+ Kxf5 44. Rd5 c4 45. bxc4 Rb1 46. c5 Rb2
47. c6 Rxh2 48. Rcc5 Rh3+ 1-0

[Event "XVI Festival A"]
[Site "Porto San Giorgio ITA"]
[Date "2004.08.21"]
[Round "1"]
[White "Stromboli, Carlo"]
[Black "Jones, Gawain C.B."]
[Result "0-1"]
[WhiteElo "2020"]
[BlackElo "2453"]
[PlyCount "48"]
[EventDate "2004.08.21"]

1. e4 c5 2. Nf3 g6 3. Nc3 Bg7 4. Bc4 Nc6 5. O-O e6 6. Re1 Nge7 7. d3 O-O 8. Bg5
h6 9. Bf4 d5 10. exd5 exd5 11. Bb3 g5 12. Be5 Nxe5 13. Nxe5 Nc6 14. Nf3 Be6 15.
Nd2 Nd4 16. Na4 Qd6 17. c4 Nxb3 18. axb3 Rfd8 19. Qc2 b6 20. Rad1 Bg4 21. f3
Bf5 22. cxd5 Qxd5 23. Ne4 Be6 24. Qc4 Qd4+ 0-1

[Event "XVI Festival A"]
[Site "Porto San Giorgio ITA"]
[Date "2004.08.21"]
[Round "1"]
[White "Tommaselli, Giacomo"]
[Black "Mrdja, Milan"]
[Result "0-1"]
[WhiteElo "2018"]
[BlackElo "2432"]
[PlyCount "76"]
[EventDate "2004.08.21"]

1. d4 g6 2. Nf3 Bg7 3. c3 d6 4. Bg5 Nd7 5. Nbd2 f6 6. Bh4 Nh6 7. e4 e5 8. Bc4
Qe7 9. O-O Nf7 10. Re1 h5 11. h3 Nf8 12. dxe5 dxe5 13. Nf1 Nd6 14. Bd3 Be6 15.
Qa4+ Bd7 16. Qb4 Bc6 17. Ne3 g5 18. Bg3 Ne6 19. Nd5 Qf7 20. Rad1 O-O 21. Bc2 a5
22. Qb3 Rfd8 23. c4 Be8 24. Re2 b6 25. Qc3 Nc5 26. b3 Rab8 27. Qe3 Ne6 28. Red2
Qf8 29. Qc3 Bg6 30. Re2 Nc5 31. Qe1 Rd7 32. Nd2 h4 33. Bh2 Rbd8 34. f3 Nc8 35.
Nf1 Ne6 36. Kh1 Nd4 37. Red2 c6 38. Nc3 Qb4 0-1

[Event "XVI Festival A"]
[Site "Porto San Giorgio ITA"]
[Date "2004.08.21"]
[Round "1"]
[White "Trent, Lawrence"]
[Black "Battiston, Doris"]
[Result "1-0"]
[WhiteElo "2400"]
[BlackElo "2002"]
[PlyCount "63"]
[EventDate "2004.08.21"]

1. e4 d5 2. exd5 Qxd5 3. Nc3 Qa5 4. d4 Nf6 5. Nf3 Bf5 6. Bd2 c6 7. Bc4 e6 8.
Nd5 Qd8 9. Nxf6+ Qxf6 10. Qe2 Bg4 11. d5 Bxf3 12. gxf3 Qxb2 13. O-O cxd5 14.
Bxd5 Nc6 15. Rab1 Qd4 16. Be4 Bd6 17. Rxb7 Rc8 18. Rd1 Qf6 19. Qb5 O-O 20. Bxc6
Qg6+ 21. Qg5 Rxc6 22. Qxg6 hxg6 23. Rxa7 Rxc2 24. Be3 Bb8 25. Ra6 Rb2 26. a4
Ra2 27. Kg2 Rc8 28. Ra8 Rac2 29. a5 Be5 30. Rd8+ Rxd8 31. Rxd8+ Kh7 32. a6 1-0

[Event "XVI Festival A"]
[Site "Porto San Giorgio ITA"]
[Date "2004.08.21"]
[Round "1"]
[White "Voiska, Margarita"]
[Black "Garofalo, Sergio"]
[Result "1-0"]
[WhiteElo "2387"]
[BlackElo "1993"]
[PlyCount "59"]
[EventDate "2004.08.21"]

1. c4 f5 2. Nc3 Nf6 3. g3 e6 4. Bg2 Be7 5. d3 d6 6. Nh3 c6 7. O-O O-O 8. Qb3
Kh8 9. e4 Na6 10. exf5 e5 11. Ne4 Bxf5 12. Qxb7 Nxe4 13. dxe4 Nc5 14. Qxc6 Rc8
15. Qd5 Be6 16. Qd1 Bxc4 17. Re1 Nd3 18. Re3 Nxc1 19. Rxc1 Be6 20. Rec3 Qd7 21.
Qf1 Rxc3 22. Rxc3 Bxa2 23. Qc1 Bd8 24. b3 Ba5 25. Rd3 Rb8 26. Qa1 Rxb3 27. Rxb3
Bxb3 28. Qxa5 h6 29. f4 Kh7 30. Nf2 1-0

[Event "XVI Festival A"]
[Site "Porto San Giorgio ITA"]
[Date "2004.08.21"]
[Round "1"]
[White "Zaja, Ivan"]
[Black "Rinaudo, Andrea"]
[Result "1-0"]
[WhiteElo "2452"]
[BlackElo "2018"]
[PlyCount "83"]
[EventDate "2004.08.21"]

1. d4 Nf6 2. c4 e6 3. Nf3 d5 4. Nc3 Nbd7 5. cxd5 exd5 6. Bg5 c6 7. Qc2 Be7 8.
e3 h6 9. Bf4 Nh5 10. Be5 Nxe5 11. Nxe5 Nf6 12. Bd3 Ng4 13. Nf3 Bd6 14. h3 Nf6
15. g4 Be6 16. Ne5 Nd7 17. f4 Nxe5 18. dxe5 Qh4+ 19. Qf2 Qxf2+ 20. Kxf2 Bc7 21.
Rac1 O-O-O 22. Na4 Bd7 23. Nc5 Rde8 24. b4 a6 25. a4 Bb6 26. Rhd1 h5 27. Nxd7
Kxd7 28. b5 axb5 29. axb5 hxg4 30. bxc6+ bxc6 31. Bf5+ Kc7 32. Rxd5 g3+ 33.
Kxg3 Re7 34. Rd6 c5 35. Rcd1 c4 36. Rc1 Bxe3 37. Rxc4+ Kb8 38. Rc3 Bg1 39. Rb3+
Kc7 40. Rd1 Bb6 41. Rc1+ Kb7 42. Be4+ 1-0

[Event "XVI Festival A"]
[Site "Porto San Giorgio ITA"]
[Date "2004.08.22"]
[Round "2"]
[White "Bokros, Albert"]
[Black "Cristiani, Cesare"]
[Result "1-0"]
[WhiteElo "2470"]
[BlackElo "2155"]
[PlyCount "61"]
[EventDate "2004.08.21"]

1. e4 e6 2. d3 c5 3. Nf3 d5 4. Qe2 Nc6 5. g3 Nf6 6. Bg2 Be7 7. O-O dxe4 8. dxe4
Qc7 9. e5 Nd7 10. Re1 h6 11. h4 Nb6 12. c4 Bd7 13. Bf4 O-O-O 14. Nc3 a6 15. Ne4
Kb8 16. b3 Rdg8 17. Rad1 Nd8 18. a4 Bc6 19. a5 Nc8 20. Nc3 g5 21. hxg5 hxg5 22.
Bc1 g4 23. Nh2 Bxg2 24. Kxg2 f5 25. exf6 Qc6+ 26. Ne4 Bxf6 27. Nxg4 Bd4 28.
Bf4+ Ka8 29. Ne5 Bxe5 30. Bxe5 Rh4 31. Bf6 1-0

[Event "XVI Festival A"]
[Site "Porto San Giorgio ITA"]
[Date "2004.08.22"]
[Round "2"]
[White "Bontempi, Piero"]
[Black "Buiano, Fabio"]
[Result "1-0"]
[WhiteElo "2325"]
[BlackElo "2094"]
[PlyCount "107"]
[EventDate "2004.08.21"]

1. e4 d6 2. d4 Nf6 3. Nc3 c6 4. f3 Nbd7 5. Be3 e5 6. Qd2 Be7 7. g4 O-O 8. Nge2
Nb6 9. Ng3 exd4 10. Bxd4 d5 11. g5 Nxe4 12. fxe4 Bxg5 13. Qg2 f5 14. exf5 Bxf5
15. Nxf5 Rxf5 16. Bd3 Rf4 17. Ne2 Qe7 18. Rg1 h6 19. Kd1 Rh4 20. c3 Nc4 21.
Bxc4 dxc4 22. Ng3 Rf8 23. Re1 Qd7 24. Ne4 Rxe4 25. Qxe4 c5 26. h4 Bf6 27. Kc2
cxd4 28. Rad1 Qa4+ 29. Kb1 dxc3 30. b3 Qb4 31. Rf1 Qa3 32. Qxc4+ Kh8 33. Rf2
Qe7 34. Re2 Qf7 35. Qxf7 Rxf7 36. h5 Kh7 37. Rg2 Re7 38. Kc2 Re5 39. Rh2 Ra5
40. a4 Re5 41. Rd7 Rf5 42. Rxb7 Bd4 43. Rd7 Be5 44. Re2 Bf6 45. Rxa7 Rxh5 46.
b4 Rf5 47. b5 h5 48. Rd7 Rc5 49. b6 Be5 50. Rxe5 Rxe5 51. b7 Re8 52. a5 h4 53.
a6 h3 54. Rd3 1-0

[Event "XVI Festival A"]
[Site "Porto San Giorgio ITA"]
[Date "2004.08.22"]
[Round "2"]
[White "Bracaglia, Carlo"]
[Black "Lazic, Miroljub"]
[Result "1/2-1/2"]
[WhiteElo "2166"]
[BlackElo "2471"]
[PlyCount "94"]
[EventDate "2004.08.21"]

1. e4 g6 2. d4 Bg7 3. Nf3 d6 4. Bc4 e6 5. O-O a6 6. Re1 Ne7 7. Bg5 h6 8. Be3
O-O 9. Bb3 Nd7 10. c3 b6 11. Qd2 Kh7 12. h4 Bb7 13. Qd3 f5 14. exf5 Nxf5 15.
Nbd2 Nxh4 16. Nxh4 Qxh4 17. Bxe6 Nf6 18. d5 Ng4 19. Nf3 Ne5 20. Nxh4 Nxd3 21.
Re2 a5 22. Nf3 Ba6 23. Rd2 Rae8 24. Rad1 Nc5 25. Bxc5 bxc5 26. Re1 Rb8 27. Re4
Bb5 28. c4 Ba6 29. b3 Bf6 30. Rd3 a4 31. Rde3 Rfe8 32. Nh2 Kg7 33. Ng4 Bd4 34.
Rf3 Re7 35. Ref4 h5 36. Rf7+ Rxf7 37. Rxf7+ Kh8 38. Nf6 Bxf6 39. Rxf6 axb3 40.
axb3 Rxb3 41. Rf8+ Kg7 42. Rf7+ Kh6 43. Rxc7 Bxc4 44. Rc6 Rd3 45. Rxd6 Kg7 46.
Rd7+ Kf8 47. Bf7 g5 1/2-1/2

[Event "XVI Festival A"]
[Site "Porto San Giorgio ITA"]
[Date "2004.08.22"]
[Round "2"]
[White "Bukal, Vladimir jr"]
[Black "Fantini, Lorenzo"]
[Result "1-0"]
[WhiteElo "2390"]
[BlackElo "1688"]
[PlyCount "61"]
[EventDate "2004.08.21"]

1. d4 d5 2. c4 e6 3. Nc3 Nf6 4. Nf3 Bb4 5. Bg5 Nbd7 6. Qc2 O-O 7. a3 Bxc3+ 8.
Qxc3 dxc4 9. Qxc4 h6 10. Bh4 c6 11. e3 g5 12. Bg3 Nb6 13. Qc2 Nbd5 14. Bd3 Qa5+
15. Ke2 Nh5 16. Bh7+ Kh8 17. Bd6 Rd8 18. Be5+ f6 19. Bg6 Ng7 20. Bg3 Ne7 21.
Bd3 Ngf5 22. Nd2 Rd7 23. Bc4 Nd5 24. Nb3 Qb6 25. Rad1 Qd8 26. e4 b5 27. Bxd5
Nxg3+ 28. hxg3 exd5 29. Rxh6+ Rh7 30. Rxh7+ Kxh7 31. exd5+ 1-0

[Event "XVI Festival A"]
[Site "Porto San Giorgio ITA"]
[Date "2004.08.22"]
[Round "2"]
[White "Calandri, Fausto"]
[Black "Trent, Lawrence"]
[Result "1/2-1/2"]
[WhiteElo "2113"]
[BlackElo "2400"]
[PlyCount "90"]
[EventDate "2004.08.21"]

1. e4 e5 2. Nf3 Nc6 3. d4 exd4 4. Nxd4 Nf6 5. Nxc6 bxc6 6. Bd3 d5 7. exd5 cxd5
8. Bb5+ Bd7 9. Bxd7+ Qxd7 10. O-O Be7 11. Nd2 O-O 12. b3 c5 13. Bb2 Qf5 14. Nf3
Rfe8 15. Qd2 Ne4 16. Qd3 Rad8 17. Nd2 Bg5 18. Nxe4 dxe4 19. Qc4 h5 20. Rad1 h4
21. h3 Re6 22. Bc1 Rxd1 23. Rxd1 Bxc1 24. Rxc1 Rd6 25. Qe2 Rd4 26. Rd1 g6 27.
c3 Rd3 28. f3 Rxd1+ 29. Qxd1 e3 30. Kf1 Qg5 31. Qd3 Kh7 32. Qd7 Kg7 33. Qd3 Kh6
34. Qd6 e2+ 35. Kxe2 Qxg2+ 36. Ke3 Qg1+ 37. Ke2 Qg2+ 38. Ke3 Qxh3 39. Qf8+ Kh5
40. Qxc5+ g5 41. Qe5 Qc8 42. c4 Kg6 43. c5 h3 44. Kf2 h2 45. Kg2 Qh3+ 1/2-1/2

[Event "XVI Festival A"]
[Site "Porto San Giorgio ITA"]
[Date "2004.08.22"]
[Round "2"]
[White "Cerquitella, Luca"]
[Black "Horvath, Peter"]
[Result "1/2-1/2"]
[WhiteElo "2173"]
[BlackElo "2503"]
[PlyCount "73"]
[EventDate "2004.08.21"]

1. e4 c5 2. Nf3 Nc6 3. d4 cxd4 4. Nxd4 Nf6 5. Nc3 e5 6. Ndb5 d6 7. a4 a6 8. Na3
Be6 9. Bg5 Rc8 10. Bc4 Be7 11. Bxf6 Bxf6 12. O-O O-O 13. Nd5 Bg5 14. c3 Ne7 15.
Qb3 Bxd5 16. Bxd5 Nxd5 17. Qxd5 Qb6 18. Nc4 Qc7 19. b3 Rfd8 20. a5 Qe7 21. Qd3
Qe6 22. Nb6 Rc6 23. Nd5 g6 24. Qg3 Be7 25. Rfd1 Rdc8 26. Rd3 Bd8 27. Rad1 Bxa5
28. Qg5 Bd8 29. Qh6 f6 30. h4 Be7 31. Qd2 Bf8 32. Rf3 Bg7 33. Rd3 Rd8 34. Nb4
Rcc8 35. c4 f5 36. exf5 gxf5 37. Rxd6 1/2-1/2

[Event "XVI Festival A"]
[Site "Porto San Giorgio ITA"]
[Date "2004.08.22"]
[Round "2"]
[White "Ciampi, Vincenzo"]
[Black "Aleksic, Nenad"]
[Result "1/2-1/2"]
[WhiteElo "2104"]
[BlackElo "2395"]
[PlyCount "38"]
[EventDate "2004.08.21"]

1. e4 c5 2. Nf3 d6 3. d4 cxd4 4. Nxd4 Nf6 5. Nc3 a6 6. Be3 e6 7. f3 b5 8. Qd2
Nbd7 9. g4 Nb6 10. Qf2 Nfd7 11. O-O-O Bb7 12. Bd3 Rc8 13. Nce2 Nc5 14. Kb1 Nc4
15. Bxc4 bxc4 16. Nc3 Qa5 17. Qd2 Be7 18. h4 Ba8 19. g5 Rb8 1/2-1/2

[Event "XVI Festival A"]
[Site "Porto San Giorgio ITA"]
[Date "2004.08.22"]
[Round "2"]
[White "Cocchi, Andrea"]
[Black "Bonafede, Emanuel"]
[Result "1-0"]
[WhiteElo "2295"]
[BlackElo "1784"]
[PlyCount "93"]
[EventDate "2004.08.21"]

1. Nf3 c5 2. e4 e6 3. b3 d5 4. exd5 exd5 5. d4 a6 6. Bb2 cxd4 7. Nxd4 Nf6 8.
Bd3 Bc5 9. Qe2+ Qe7 10. Qxe7+ Kxe7 11. Nd2 Be6 12. O-O Nc6 13. Nf5+ Bxf5 14.
Bxf5 Nd4 15. Rfe1+ Kd8 16. Bd3 Re8 17. h3 Nh5 18. c3 Nc6 19. Nf3 h6 20. c4 dxc4
21. Bxc4 Re7 22. Rad1+ Ke8 23. Rd5 Rxe1+ 24. Nxe1 Bb4 25. Rxh5 Bxe1 26. Bxg7
Rd8 27. Rf5 Rd7 28. Bxh6 b5 29. Bd5 Nd4 30. Rg5 Re7 31. Rg4 Bc3 32. Kh2 Kd7 33.
Be3 Nf5 34. Bb6 Kd6 35. Be4 Nh6 36. Rh4 Bg7 37. b4 Re6 38. Bc5+ Ke5 39. Bb7 Kf6
40. Be4 Kg5 41. g3 f5 42. Bd3 Nf7 43. Rf4 Nh6 44. Be3 Kg6 45. Kg2 Be5 46. Rf3
Bc3 47. g4 1-0

[Event "XVI Festival A"]
[Site "Porto San Giorgio ITA"]
[Date "2004.08.22"]
[Round "2"]
[White "Collutiis, Duilio"]
[Black "Vigile, Matteo"]
[Result "1-0"]
[WhiteElo "2387"]
[BlackElo "2109"]
[PlyCount "93"]
[EventDate "2004.08.21"]

1. Nf3 d6 2. e4 Nf6 3. Nc3 g6 4. d4 c6 5. Be3 b5 6. Bd3 Nbd7 7. a4 b4 8. Ne2
Qa5 9. O-O Bg7 10. h3 O-O 11. Nd2 e5 12. Nc4 Qc7 13. dxe5 dxe5 14. Nc1 Nb6 15.
Bc5 Nxc4 16. Bxc4 Rd8 17. Qf3 Bb7 18. a5 Rac8 19. Bxa7 Qe7 20. Bb6 Rd7 21. Ne2
c5 22. Ng3 Rd4 23. Bd3 Nd7 24. c3 Rd6 25. Bc4 Nxb6 26. axb6 Rxb6 27. Rfd1 Rf6
28. Qe2 Ra8 29. Rxa8+ Bxa8 30. Bd5 Bc6 31. Qc4 bxc3 32. bxc3 Bf8 33. Nf1 Bxd5
34. Rxd5 Rb6 35. Qd3 Rb2 36. Qg3 Bg7 37. Ne3 Rb1+ 38. Kh2 Rc1 39. Nc4 f6 40.
Qe3 Rc2 41. Rxc5 Bf8 42. Rc8 Kg7 43. Qb6 Kh6 44. Ne3 Rd2 45. Rc7 Qd6 46. Qb7 f5
47. h4 1-0

[Event "XVI Festival A"]
[Site "Porto San Giorgio ITA"]
[Date "2004.08.22"]
[Round "2"]
[White "Del Dotto, Riccardo"]
[Black "Zaja, Ivan"]
[Result "0-1"]
[WhiteElo "2127"]
[BlackElo "2452"]
[PlyCount "66"]
[EventDate "2004.08.21"]

1. e4 e6 2. d3 d5 3. Qe2 Ne7 4. Nf3 c5 5. g3 Nbc6 6. Bg2 g6 7. O-O Bg7 8. c3 b6
9. e5 Ba6 10. Re1 h6 11. h4 Qc7 12. Na3 Rd8 13. Bf4 Rd7 14. Rac1 g5 15. hxg5
Ng6 16. b4 hxg5 17. Bxg5 Ncxe5 18. Nxe5 Qxe5 19. Qg4 Qd6 20. Bf4 Qf8 21. b5
Nxf4 22. gxf4 Bc8 23. Qg5 Rg8 24. Qh4 Bxc3 25. Re2 Qg7 26. Qh3 Bb2 27. Rce1
Bxa3 28. f5 Re7 29. fxe6 Bxe6 30. Qh2 Kd7 31. Kf1 Qxg2+ 32. Qxg2 Rxg2 33. Kxg2
Bb4 0-1